| 000 | 00823nam a22002297a 4500 | ||
|---|---|---|---|
| 003 | SEM | ||
| 005 | 20260623113100.0 | ||
| 008 | 260619m19841984ai ||||gr||||||01|||arm|d | ||
| 040 |
_aSEM _cSEM |
||
| 041 | _aarm | ||
| 080 | _a891.981-1/Ս-15 | ||
| 100 | _aՍահյան, Համո | ||
| 245 |
_aԵրկերի ժողովածու : _b2 հատորով / _cՀ. Սահյան ; Խմբ.՝ Ս. Սահակյան |
||
| 260 |
_aԵրևան : _bՍովետ. գրող, _c1984. |
||
| 300 |
_aՀ. ; _bնկ. ; _c17 սմ |
||
| 505 |
_aՀ. 1 - _tԲանաստեղծություններ, _g1984.- 390 էջ |
||
| 505 |
_aՀ. 2 - _tԲանաստեղծություններ, _g1984.- 439 էջ |
||
| 650 |
_aՀայ գրականություն _xպոեզիա |
||
| 653 | _aՍԷՄ | ||
| 700 |
_aՍահակյան, Ս. _eխմբ. _4edt. |
||
| 942 |
_2udc _cBK |
||
| 999 |
_c46592 _d46592 |
||